03230nam a22003497a 4500003000900000008004100009040007100050082002300121110004200144245004600186260003200232300005500264440009800319505200500417650002802422650002202450650001402472650002602486650002302512650002002535650003702555650002202592650003302614650003202647700003002679700002902709700002402738700002702762700003402789700003202823700002502855AR-CdUCM190425b ||||| |||| 00| 0 spa d aMUNICIPALIDAD PROVINCIAL DEL CUSCOcBIBLIOTECA MUNICIPAL DEL CUSCO aRev.IAAC/N°9/1959 aInstituto Americano de Arte del Cuzco aRevista del Instituto Americano de Arte / aCusco :bH.G. Rozas,c1959. a322 páginas. :bilustraciones, laminas ;c24 cm. aRevista del Instituto Americano de Arte Cuzco.nAño IX, [?] semestre de 1959, N°9. Vol.[?] aContenido: El pintor Krekovic -- La visita de Bolivar al Cuzco. José Uriel García. -- Elogio de Garcilaso. Luis Felipe Paredes. -- Nuevos datos sobre la vida y obra del Obispo Mollinedo. Horacio Villanueva. -- El pan nuestro de cada día. José Uriel García. -- Documentos en el Archivo Provincial de Córdova España relacionados con el Inca Garcilaso de la Vega. Manuel E. Cuadros. -- Dos inéditos sobre Fernando Tupac Amaru. Daniel Valcárcel. -- El Obispo Don Manuel de Mollinedo y Angulo Mecenas cuzqueño. Isabel Z. de Ruzo. -- Tres templos Apurimeños. Julio G. Gutiérrez. -- Sobre el pintor Mario Urteaga y la pintura peruana. Teodoro Núñez Ureta. -- Apuntes literarios. Román Saavedra. -- Supervivencias agrarias del Tahuantinsuyo. -- Un juramento de amor. Eufracio Álvarez. -- Tierras ajenas. Luis Felipe Paredes. -- El cholo sur peruano. Teófilo Huayhuaca Saldívar. -- Don Rosendo Villalobos en la lírica boliviana. Carlos Gregorio Taborga. -- Tres paisajes de la escuela cuzqueña. M.F.L. -- Hacia la determinación de los caracteres típicos del Wayno cuzqueño. Josafat Roel Pineda. -- El velatorio del expediente. Carlos Ferdinand Cuadros. -- Retazos de vidas serranas. Martha Alicia Fernan Zegarra. -- José Vasconcelos maestro y apóstol. Román Saavedra. -- Contra los vates y sus derivados. E. Kallata. -- Homenajes a Benjamín Mendizábal Vizcarra. M.F.Lira, L. F. Paredes, J.G. Medina. -- Los cuatro grandes de la música cusqueña. L.F. Paredes. -- Concurso como se imaginan el Cuzco. -- Anacronismo y disloque. Rosa Augusta Rivero de Zúñiga. -- De nuestro acervo musical. Ernesto Corbacho. -- Carta a Trinidad Enríquez. Manuela F. Gómez. -- Lic. Salvador Martínez de Alva. L.F.P. -- El Cuzco atreves de los tiempos. Julio G. Gutiérrez. -- El suplicio de Tupac Amaru. J. Alberto Cuentas. -- Necrología Luis A. Llanos Hartmut Winkler. -- Documentos semana del Cuzco. -- Significas Lágrimas poemas. Luis Nieto Miranda.  aTradiciones cusqueñas aFiestas populares aFolcklore aLiteratura cusqueña aPoetas cusqueños aArte cusqueño aBenjamín Mendizábal Vizcarra aSimón Bolívar aManuel de Mollinedo y Angulo aMaría Trinidad Enríquez aGutiérrez Loayza, Julio aYépez Miranda, Alfredo aNieto Mirando, Luis aGarcía, Uriel José aCaballero Farfán, Policarpo aVillanueva Urteaga, Horacio aRoel Pineda, Josafat